000
00262nam a2200133Ia 4500
100
_a
GOVINDRAJALU/B
942
_c
BK
366
_f
15
245
_a
IBM PC & CLONES
260
_b
Tata McGraw Hil
_a
New Delhi
300
_a
963
546
_a
ENGLISH
999
_c
19321
_d
19321